Military and media / (Record no. 132851)
[ view plain ]
| 000 -LEADER | |
|---|---|
| fixed length control field | 00637nam a22002177a 4500 |
| 005 - DATE AND TIME OF LATEST TRANSACTION | |
| control field | 20170124110200.0 |
| 010 ## - LIBRARY OF CONGRESS CONTROL NUMBER | |
| LC control number | B-228221 |
| 020 ## - INTERNATIONAL STANDARD BOOK NUMBER | |
| Terms of availability | 595.00 |
| International Standard Book Number | 817622301 |
| 035 ## - SYSTEM CONTROL NUMBER | |
| System control number | B-228221 |
| 037 ## - SOURCE OF ACQUISITION | |
| Source of stock number/acquisition | Cen Lib/Ret |
| 040 ## - CATALOGING SOURCE | |
| Original cataloging agency | DPL |
| Language of cataloging | EN |
| 082 ## - DEWEY DECIMAL CLASSIFICATION NUMBER | |
| Classification number | 070.449355 |
| Item number | ANI |
| 100 ## - MAIN ENTRY--PERSONAL NAME | |
| Personal name | Anil Kumar Singh |
| 9 (RLIN) | 5594 |
| 245 ## - TITLE STATEMENT | |
| Title | Military and media / |
| Statement of responsibility, etc | by Anil Kumar Singh |
| 260 ## - PUBLICATION, DISTRIBUTION, ETC. (IMPRINT) | |
| Place of publication, distribution, etc | New Delhi |
| Name of publisher, distributor, etc | Lancer publishers |
| Date of publication, distribution, etc | 2006 |
| 270 ## - ADDRESS | |
| City | New Delhi |
| Address | K-36A (FF) Green park |
| Postal code | 110016 |
| 300 ## - PHYSICAL DESCRIPTION | |
| Extent | 261p. |
| Dimensions | 20cm(Hb) |
| 650 ## - SUBJECT ADDED ENTRY--TOPICAL TERM | |
| Topical term or geographic name as entry element | Journalism |
| 9 (RLIN) | 35957 |
| 650 ## - SUBJECT ADDED ENTRY--TOPICAL TERM | |
| Topical term or geographic name as entry element | Reporters and reporting |
| 9 (RLIN) | 31175 |
| 942 ## - ADDED ENTRY ELEMENTS (KOHA) | |
| Source of classification or shelving scheme | Dewey Decimal Classification |
| Koha item type | English Books |
| Classification part | 070.449355 |
| Call number suffix | ANI |
| Withdrawn status | Lost status | Damaged status | Not for loan | Home library | Current library | Date acquired | Source of acquisition | Cost, normal purchase price | Total Checkouts | Full call number | Barcode | Date last seen | Copy number | Cost, replacement price | Price effective from | Koha item type |
|---|---|---|---|---|---|---|---|---|---|---|---|---|---|---|---|---|
| Central Library | Central Library | 23/07/2015 | Cen Lib/Ret | 0.00 | 070.449355 ANI | B-228221 | 23/07/2015 | 1 | 595.00 | 23/07/2015 | English Books |
